000 00705cam a2200169 i 4500
005 20251203092850.0
008 250721s1980 ua gr 000 0 ara d
082 1 4 _a214.2
_bك ث ي
100 1 _aإبن كثير، عماد الدين أبو الفداء
_d-744ه.
_eمؤلف.
245 1 0 _aعلامات يوم القيامة /
_cللحافظ ابن كثير الدمشقي ؛ تحقيق وتعليق عبداللطيف عاشور.
264 1 _aالقاهرة :
_bمكتبة القران للطبع والنشر والتوزيع،
_c1980.
300 _a95صفحه.
650 1 7 _aاليوم الآخر.
700 1 _aعاشور، عبد اللطيف
_eتحقيق
942 _2ddc
_cBK
999 _c703
_d703